书目信息 |
| 题名: |
循环经济视角下资源型产业集群化发展机理与路径选择研究
|
|
| 作者: | 刘娟 著 | |
| 分册: | ||
| 出版信息: | 北京 经济科学出版社 2013 |
|
| 页数: | 268页 | |
| 开本: | 24cm | |
| 丛书名: | 中青年经济学家文库 | |
| 单 册: | ||
| 中图分类: | F426.21 | |
| 科图分类: | ||
| 主题词: | 煤炭工业--产业发展--研究--中国 , 煤炭工业 , 产业发展 | |
| 电子资源: | ||
| ISBN: | 978-7-5141-3929-7 | |
| 000 | 01261oam2 2200289 450 | |
| 001 | 519 | |
| 005 | 20140909094410.59 | |
| 010 | @a978-7-5141-3929-7@dCNY48.00 | |
| 100 | @a20140127d2013 em y0chiy50 ea | |
| 101 | 0 | @achi |
| 102 | @aCN@b110000 | |
| 105 | @ay z 000yy | |
| 106 | @ar | |
| 200 | 1 | @a循环经济视角下资源型产业集群化发展机理与路径选择研究@AXun Huan Jing Ji Shi Jiao Xia Zi Yuan Xing Chan Ye Ji Qun Hua Fa Zhan Ji Li Yu Lu Jing Xuan Ze Yan Jiu@e以煤炭产业为例@EYi Mei Tan Chan Ye Wei Li@f刘娟著@FLiu Juan Zhu |
| 210 | @a北京@c经济科学出版社@d2013 | |
| 215 | @a268页@d24cm | |
| 225 | 2 | @a中青年经济学家文库 |
| 300 | @a教育部人文社会科学研究一般项目“循环经济视角下资源型产业集群化扩张机理与路径选择研究”研究成果 中央高校基本科研业务费专项资金资助 | |
| 330 | @a本书以煤炭产业为例,通过数据包络分析方法和集群场空间函数的拟合,提取了以鄂尔多斯为核心的内蒙古西南部地区为研究样本,通过系统动力学建模等研究方法,探究资源环境限制下的资源型产业如何更好地集群化发展。 | |
| 461 | 0 | @12001 @a中青年经济学家文库 |
| 606 | 0 | @a煤炭工业@x产业发展@x研究@y中国 |
| 606 | 0 | @a煤炭工业 |
| 606 | 0 | @a产业发展 |
| 690 | @aF426.21@v5 | |
| 701 | 0 | @a刘娟@ALiu Juan@f(1979~)@4著 |
| 801 | 0 | @aCN@bTANGWEI@c20140603 |
| 905 | @b0839038-40@dF426.21@e126@f3 | |
| 循环经济视角下资源型产业集群化发展机理与路径选择研究:以煤炭产业为例/刘娟著.-北京:经济科学出版社,2013 |
| 268页;24cm.-(中青年经济学家文库) |
| 教育部人文社会科学研究一般项目“循环经济视角下资源型产业集群化扩张机理与路径选择研究”研究成果 中央高校基本科研业务费专项资金资助 |
| ISBN 978-7-5141-3929-7:CNY48.00 |
| 本书以煤炭产业为例,通过数据包络分析方法和集群场空间函数的拟合,提取了以鄂尔多斯为核心的内蒙古西南部地区为研究样本,通过系统动力学建模等研究方法,探究资源环境限制下的资源型产业如何更好地集群化发展。 |
| ● |
| 相关链接 |
|
|
|
|
正题名:循环经济视角下资源型产业集群化发展机理与路径选择研究
索取号:F426.21/126
 
预约/预借
| 序号 | 登录号 | 条形码 | 馆藏地/架位号 | 状态 | 备注 |
| 1 | 0839038 | 208390383 | 第一样本阅览室/ [索取号:F426.21/126] | 在馆 | |
| 2 | 0839039 | 208390392 | 密集书库-海洋学院/ [索取号:F426.21/126] | 在馆 | |
| 3 | 0839040 | 208390409 | 第一借阅区/ [索取号:F426.21/126] | 在馆 |